00300nam a2200133 a 4500008004100000050001500041100002200056245002000078260002400098300001000122350000900132650000800141650001700149120416s1990 ||||||||||||||||| || u aKJ 441 Chi aChibamba, Abraham10aRight is mighty aZimbabwebPLOc1990 a240p. a0.00 aLAW 0aHUMAN RIGHTS